| 000 | 01080cam a22002651i 4500 | ||
|---|---|---|---|
| 003 | SA-RiAUC | ||
| 005 | 20250803063504.0 | ||
| 008 | 250729s2008 su g 000 0 ara c | ||
| 040 |
_aSA-RiDKA _bara _cSA-RiAUC _erda |
||
| 082 | 0 | 4 |
_a252.54 _qSA-RiAUC |
| 090 |
_a252.54 _bف ن س |
||
| 100 | 1 |
_aالفنيسان، سعود عبد الله محمد، _d1363 هجري- _eمؤلف. |
|
| 245 | 1 | 2 |
_aالمسعى وحكم زياداته الشرعية / _cتأليف الأستاذ الدكتور سعود بن عبد الله الفنيسان. |
| 250 | _aالطبعة الأولى. | ||
| 264 | 1 |
_aالرياض : _bدار أطلس الخضراء، _c2008 |
|
| 300 |
_a61 صفحة ؛ _c22 سم |
||
| 336 |
_aنص _btxt _2rdacontent _3كتاب |
||
| 337 |
_aبدون وسيط _bn _2rdamedia |
||
| 338 |
_aمجلد _bnc _2rdacarrier |
||
| 650 | 7 |
_aالسعي بين الصفا والمروة _2aucsh |
|
| 650 | 7 |
_aالحج (فقه إسلامي) _2aucsh |
|
| 650 | 7 |
_aالعمرة (فقه إسلامي) _2aucsh |
|
| 942 |
_2ddc _cBOOK _n0 |
||
| 949 |
_aSA-JeALM _d250729 _umohamedma123 _n1 |
||
| 999 |
_c10482 _d10482 |
||